| 000 | 02349agaaa2200313 4500 | ||
|---|---|---|---|
| 001 | 2808 | ||
| 003 | IT-RoPAU | ||
| 005 | 20220918181232.0 | ||
| 007 | d cvaizq | ||
| 008 | 50131s9999||||xx ||| | || ||und|| | ||
| 040 |
_aIT-RoPAU _cIT-RoPAU |
||
| 041 | _aITALIANO | ||
| 100 |
_aArchibugi Francesca _gCodice regista SPICS: 33435 _941165 |
||
| 130 |
_aGRANDE COCOMERO (IL) _941166 |
||
| 245 |
_aGRANDE COCOMERO (IL) _cProdotto da: Pescarolo De Lauren -- Sceneggiatura: Archibugi Francesca -- Diretto da: Archibugi Francesca _pGRANDE COCOMERO (IL) (Rif. Codice opera principale : C2808) |
||
| 250 | _aEdizione Standard | ||
| 260 |
_aROMA - PARIGI (ITALIA) _bELLEPI FILM - RAI TRE - CHRYSALIDE / Distribuzione: SKORPION VIDEO _g"1993 (1° ed.: 1993 ; Ed. Lingua Orig.: 1993)" |
||
| 300 |
_aVHS _bsonoro, col. _c105 minuti |
||
| 508 | _a"Fotografia: Carnera Paolo; Montaggio: Missiroli Roberto; Musica: Gatto Roberto; Sceneggiatura: Archibugi Francesca; Scenografia: Borgognoni Livia; " | ||
| 511 | _a"Castellitto Sergio; Galiena Anna; Fugardi Alessia; Reder Gigi; De; Razza Armando" | ||
| 520 | _aAL REPARTO DI NEUROPSICHIATRIA INFANTILE DEL POLICLINICO DI ROMA VIENE RICOVERATA UNA BAMBINA DI NOME VALENTINA DETTA PIPPI A SEGUITO DI UNA DELLE RICORRENTI CRISI EPILETTICHE. VIENE AFFIDATA AD UN GIOVANE PSICHIATRA DEL REAPRTO DI NOME ARTURO CHE DECIDE DI ATTUARE UNA TERAPIA SPERIMENTALE. NELL'OSPEDALE NONOSTANTE I PROBLEMI ORGANIZZATIVI DI STRUTTURA E PERSONALE PIPPI TROVA UN AMBIENTE AFFETTIVO SOPRATTUTTO CON ARTURO CHE LA INDUCE AD APRIRSI E A TENTARE ANCHE NUOVE RELAZIONI COME UN'ALTRA PICCOLA PAZIENTE DI SEI ANNI DI CUI PIPPI DIVENTA UNA TREPIDA MAESTRA. LA RIPERCUSSIONE DELLA MORTE DELLA PICCOLA AMICA SU PIPPI E' VIOLENTISSIMA E DEFINITIVA: PER DIMOSTRARE ADARTURO IL SUO DOLORE SI AUTOINDUCE UNA CRISI EPILETTICA SVELANDO COSI' IL SUO MECCANISMO EMOTIVO E DANDO LE CHIAVI DELLA SUA PERSONA E DELLA SUA GAURIGIONE. FILM DRAMMATICO A COLORI. | ||
| 538 | _aPAL, STEREO | ||
| 546 | _aITALIANO | ||
| 650 |
_aDRAMMATICO _eFILMS [VHS] _xCodice MATERIA SPICS: 9960 _934083 |
||
| 700 |
_aArchibugi Francesca _e(regista) _gCodice regista SPICS: 33435 _941167 |
||
| 700 |
_aArchibugi Francesca _e(soggetto) _gCodice Soggetto SPICS: 33435 _941168 |
||
| 700 |
_aGatto Roberto _e(musica) _gCodice Musica SPICS: 33437 _941169 |
||
| 942 |
_cVH _2ddc |
||
| 999 |
_c105396 _d105396 |
||